| 000 | 00601nam a2200205 i 4500 | ||
|---|---|---|---|
| 001 | 115475 | ||
| 003 | ES-MaACL | ||
| 005 | 20250825062601.0 | ||
| 007 | t| | ||
| 008 | 070309s1932 sp ||||1| spa d | ||
| 080 | _a821.134.2-22"19" | ||
| 100 | 1 |
_aUriarte, Luis. _9112150 |
|
| 245 | 1 | 0 |
_aOchavos de nuevo cuño _b: comedia en tres actos / _cLuis Uriarte. |
| 260 |
_aMadrid : _bPrensa Moderna, _c1932. |
||
| 300 |
_a64 p. ; _c17 cm. |
||
| 490 | 1 |
_aEl Teatro moderno ; _v344 |
|
| 830 | 0 | 3 |
_aEl teatro moderno (Prensa Moderna) _v344 _9182365 |
| 852 |
_aES-MaACL _jC-13162 |
||
| 999 |
_c115475 _d115475 |
||